Biblioteca

Orígenes de la familia : La familia, el parentesco y la sexualidad en la sociedad tradicional / Jean-Louis Flandrin ; Marco Aurelio Galmarini, Traductor (Registro nro. 32525)

Detalles MARC
000 -LÍDER
Campo fijo de descripción fija 009060000a22002170004500
020 ## - NÚMERO INTERNACIONAL NORMALIZADO PARA LIBROS
Número Internacional Normalizado del libro 84-7432-095-0
041 0# - CÓDIGO DE IDIOMA
Código de idioma para texto/pista de sonido o título separado
082 04 - NÚMERO DE CLASIFICACIÓN DECIMAL DEWEY
Número de clasificación G 173 F585o
001 - NÚMERO DE CONTROL
Campo de control 1198
100 1# - ASIENTO PRINCIPAL--NOMBRE PERSONAL
Nombre personal Flandrin, Jean Louis
245 10 - TÍTULO
Título del Material Orígenes de la familia : La familia, el parentesco y la sexualidad en la sociedad tradicional / Jean-Louis Flandrin ; Marco Aurelio Galmarini, Traductor
260 ## - PUBLICACIÓN, DISTRIBUCIÓN, ETC. (PIE DE IMPRENTA)
Lugar de publicación, distribución, etc. Barcelona, España : Crítica
300 ## - DESCRIPCIÓN FÍSICA
Extensión 348 Pag.
336 ## - CONTENT TYPE
Content type term texto
Content type code txt
Source rdacontent
337 ## - MEDIA TYPE
Source rdamedia
Media type term sin mediación
Media type code n
338 ## - CARRIER TYPE
Source rdacarrier
Carrier type term volumen
Carrier type code nc
500 ## - NOTA GENERAL
Nota General Título original : Familles. Parenté, maison, sexualité dans l'ancienne société
505 00 - NOTA DE CONTENIDO
Nota de contenido con formato preestablecido el concepto de familia -- la familia: tamaño, estructura y vida material -- lo moral de las relaciones domésticas -- la función reproductora de la familia y la vida sexual
650 14 - ASIENTO SECUNDARIO DE MATERIA - TERMINO TEMÁTICO
Término temático o nombre geográfico como elemento de entrada FAMILIA - FRANCIA - HISTORIA
942 ## - TIPO DE MATERIAL (KOHA)
Tipo de Item KOHA Libros General
Existencias
Estado de Material Estado de Perdido Estado de Dañado No para Préstamo Colección Tomo Biblioteca de Origen Biblioteca Permanente Fecha de Adquisición Total de Préstamos Signatura Topográfica Código de Barras Última vez visto Ejemplar/Existencia Fecha de Remplazo Tipo de Material
        Colección General   Biblioteca FUSBC Biblioteca FUSBC 08/10/2004   G 173 F585o 667 31/03/2021 1 26/01/2016 Libros General

Biblioteca FUSBC | Teléfono: (57+4) 349 88 10 Ext. 141| WhatsApp (+57) 3005338115 
E-mail: biblioteca@unisbc.edu.co | Calle 76 87-14 Robledo Palenque, Medellín, Colombia

Con tecnología Koha